A 30-year follow-up study of non-surgically treated temporomandibular joint osteoarthrosis and internal derangement
Na minha lista:
| Autor principal: | |
|---|---|
| Formato: | Livro |
| Idioma: | Undetermined |
| Publicado em: |
Groningen, The Netherlands
Rijksuniversiteit Gonongen
1994
|
| Assuntos: | |
| Tags: |
Adicionar Tag
Sem tags, seja o primeiro a adicionar uma tag!
|
| Thư viện lưu trữ: | Trung tâm Học liệu Trường Đại học Cần Thơ |
|---|
| LEADER | 00631nam a2200181Ia 4500 | ||
|---|---|---|---|
| 001 | CTU_30285 | ||
| 008 | 210402s9999 xx 000 0 und d | ||
| 082 | |a 616.7223 | ||
| 082 | |b L488 | ||
| 100 | |a Reny de Leeuw | ||
| 245 | 2 | |a A 30-year follow-up study of non-surgically treated temporomandibular joint osteoarthrosis and internal derangement | |
| 245 | 0 | |c Reny de Leeuw | |
| 260 | |a Groningen, The Netherlands | ||
| 260 | |b Rijksuniversiteit Gonongen | ||
| 260 | |c 1994 | ||
| 650 | |a joints,musculoskeletal systems - diseases,osteoarthritis | ||
| 904 | |i Minh, 990514 | ||
| 980 | |a Trung tâm Học liệu Trường Đại học Cần Thơ | ||